Culture Générale - Série 2083 - Statistiques

Statistiques générales
  • Ce quiz a été pris 101 fois
  • Le résultat moyen est 6 sur 10
Statistiques - réponses
Question Réponse % Correct
Quel est le nom usuel d'un terrain de tennis ? court
95%
Dans quel pays se trouve le cap Horn ? Chili
81%
Indiquez les prénom et nom de l'auteur du roman "Bonjour tristesse" en 1954 ? Françoise Sagan
73%
Quel département français porte le numéro 18 ? Cher
70%
Quel pays est enclavé entre l'Afrique du Sud, le Botswana,le Mozambique, la Zambie ? Zimbabwe
70%
Indiquez les prénom et nom du dernier français à avoir remporté le tour de France cycliste en 1985 ? Bernard Hinault
66%
De quel pays le quetzal est-il la devise monétaire ? Guatemala
51%
A quel pays appartient l'île "Santa Cruz del Islote" située dans la mer des Caraïbes ? Colombie
32%
Sous l'Ancien Régime, quel douanier était chargé de collecter l'impôt sur le sel ? gabelou
30%
Quel musicien a composé l'opéra en cinq actes "Faust" ? voir photo Charles Gounod
24%
Aucun quiz correspondant
Distribution des résultats
% des personnes avec chaque résultat
Percentile par nombre de réponses
Votre historique - résultats
Vous n’avez pas pris ce quiz